| 000 | 00350nam a22001217a 4500 | ||
|---|---|---|---|
| 020 | _a9780978739256 | ||
| 082 |
_222 _a005.45 |
||
| 100 | _aPass, Terence. | ||
| 245 |
_aThe definitive ANTLR reference : _bbuilding domain specific langauge / |
||
| 260 |
_aUSA, _bThe Pragmatic Bookshelf, _cc2007. |
||
| 300 |
_axx, 361p. ; _bill. ; _c23 cm. |
||
| 942 |
_2ddc _cIT |
||
| 999 |
_c1827 _d1827 |
||